000 01370nam a22003257a 4500
003 OSt
005 20230302155910.0
008 221006b |||||||| |||| 00| 0 eng d
040 _cBiblioteca Lado V
082 _a320
_bM743c
100 _9782
_aMonge, Luis Alberto
_edirector
245 _aCombate/
260 _bInstituto Internacional de Educación Política
_c1961
_aSan Jose, Costa Rica
300 _c18x25cm
_a79p.
490 _a15
_vIII
505 _tLa Libertad Amenazada
505 _tExodo Rural en Latinoamérica
_rEstanislau Fischlowitz
505 _rAlfredo Pareja Diezcanseco
_tDemocracia o Demagogia en el Ecuador
505 _rOscar Falchetti
_tHambre y Superpoblación
505 _rLeon Pacheco
_tEvolución del Pensamiento Democrático de Costa Rica
505 _rJose Antonio Ayala
_tCooperativismo Clave Económico del Paraguay
505 _rRoger Mendieta Alfaro
_tPanorama político Nicaragüense
505 _rPeter R. Nehemkis Jr.
_tLatinoamérica Claro Peligro Actual
505 _rJorge Mañach
_tPerfil: Jose Marti Rompeolas de America
505 _tLibros
650 _2Tesauro de Arte & Arquitectura
_aCIENCIAS POLITICAS
_9703
650 _2Tesauro de Arte & Arquitectura
_aPOLITICA CENTROAMERICANA
650 _2Tesauro de Arte & Arquitectura
_aPUBLICACION SERIADA
942 _2ddc
_c1
_h320
_iM743c
_n0
999 _c3133
_d3133